Click the Central American Country on a Borderless Map - Sudden Death - Statistics

General Stats
  • This quiz has been taken 378 times
  • The average score is 6 of 7
Answers on the Map
Answers color-coded by a green-red scale on the quiz's map according to % correct below.
 
Answer Stats
Answer % Correct
Belize
90%
Costa Rica
90%
Panama
90%
Guatemala
86%
Nicaragua
84%
El Salvador
80%
Honduras
80%
No matching quizzes found
Score Distribution
Percent of People with Each Score
Percentile by Number Answered
Your Score History
You have not taken this quiz